Meditaciones filosóficas en torno al poema

Na minha lista:
Detalhes bibliográficos
Autor principal: Baumgarten, Alexander Gottlieb (Author)
Formato: Livro
Idioma:espanhol
Publicado em: Santiago Orjikh Editores 2014
Edição:1a. ed
Assuntos:
Tags: Adicionar Tag
Sem tags, seja o primeiro a adicionar uma tag!

MARC

LEADER 00000cam a2200000 a 4500
001 UCD2546
003 CL-VaPUC
008 160428e20140700cl |||||||||||||||||spa|d
020 |a 9789569058097 
082 0 4 |a 701.17  |b BAU  |2 21 
100 0 |a Baumgarten, Alexander Gottlieb  |e author  |9 585902 
245 1 0 |a Meditaciones filosóficas en torno al poema 
250 |a 1a. ed 
300 |a 103 p 
942 |c BK 
945 |d 20160428 21:50:00  |a arojas 
260 |a Santiago  |b Orjikh Editores  |c 2014 
650 0 |a Metafísica  |9 265649 
650 0 |a Estética   |9 264950 
650 0 |a Poemas   |9 372646 
583 |a last modification  |c 20160428 21:50:00  |k Rodrigo Vera 
999 |c 363700  |d 363698 
952 |0 0  |1 0  |3 erb  |4 0  |6 701_170000000000000_BAU_2014  |7 0  |8 A  |9 476356  |a BIBART  |b BIBART  |i 5284309  |o 701.17 BAU 2014  |p 5284309  |r 2025-03-13  |w 2019-11-24  |y BK  |z Catalogado en:20160428  |k ART